<?xml version="1.0" encoding="UTF-8"?>
<marc:record xmlns:marc="http://www.loc.gov/MARC21/slim">
   <marc:leader>00000nam a2200000 a 4500</marc:leader>
   <marc:datafield ind1="1" ind2=" " tag="100">
      <marc:subfield code="a">Wenig, Regina</marc:subfield>
      <marc:subfield code="4">aut</marc:subfield>
      <marc:subfield code="e">Verfasser/-in</marc:subfield>
   </marc:datafield>
   <marc:datafield ind1="1" ind2=" " tag="100">
      <marc:subfield code="a">Oser, Liliane</marc:subfield>
   </marc:datafield>
   <marc:datafield ind1="0" ind2="0" tag="245">
      <marc:subfield code="a">Bauer Errfin und der Kongokäfer</marc:subfield>
   </marc:datafield>
   <marc:datafield ind1="0" ind2="0" tag="245">
      <marc:subfield code="c">Wenig, Regina</marc:subfield>
   </marc:datafield>
   <marc:datafield ind1=" " ind2="1" tag="264">
      <marc:subfield code="a">Frankfurt am Main</marc:subfield>
      <marc:subfield code="b">Moritz</marc:subfield>
      <marc:subfield code="c">2022</marc:subfield>
   </marc:datafield>
   <marc:datafield ind1=" " ind2=" " tag="250">
      <marc:subfield code="a">1. Auflage</marc:subfield>
   </marc:datafield>
   <marc:datafield ind1="1" ind2=" " tag="520">
      <marc:subfield code="a">Am Montag ist der Kongokäfer urlaubsreif. Seine Eltern müssen arbeiten, also schicken sie ihn zu Bauer Errfin: Rein in die U5, rumpeldirumpel zum Käfer-Hauptbahnhof, einsteigen in den K(äfer)-ICE bis Plattling, dort in die Waldbahn nach Regen. Bei Errfin und seiner Frau Hulda angekommen, gibt’s Essen und später ein Bett im kuscheligen Heu.&#xD;
Am Dienstag ist der Kakadu urlaubsreif: Also ab in die U5, dann in den KAK-ICE, die Waldbahn usw. zu Bauer Errfin. Am Mittwoch braucht der schwarze Hengst Urlaub: ab in die U5 usw., am Donnerstag macht sich der kleine Tiger auf den Weg und am Freitag zwei Flamingos. Samstag Früh hat das kleine Lama plötzlich keine Lust. Und nun?</marc:subfield>
   </marc:datafield>
   <marc:datafield ind1=" " ind2=" " tag="020">
      <marc:subfield code="a">9783895654282</marc:subfield>
      <marc:subfield code="9">9783895654282</marc:subfield>
   </marc:datafield>
   <marc:datafield ind1=" " ind2=" " tag="020">
      <marc:subfield code="a">3895654280</marc:subfield>
      <marc:subfield code="9">3895654280</marc:subfield>
   </marc:datafield>
   <marc:datafield ind1=" " ind2=" " tag="041">
      <marc:subfield code="a">ger</marc:subfield>
   </marc:datafield>
   <marc:datafield ind1=" " ind2=" " tag="338">
      <marc:subfield code="a">Band</marc:subfield>
   </marc:datafield>
   <marc:datafield ind1=" " ind2=" " tag="300">
      <marc:subfield code="a">88 Seiten</marc:subfield>
   </marc:datafield>
</marc:record>
